EC directive on VDUs: safety in the office (Record no. 30073)
[ view plain ]
| 000 -LEADER | |
|---|---|
| fixed length control field | 01093cab a2200217 4500 |
| 001 - CONTROL NUMBER | |
| control field | ABS44540 |
| 008 - FIXED-LENGTH DATA ELEMENTS--GENERAL INFORMATION | |
| fixed length control field | 090401t1991 xxu||||| |||| 00| 0 eng d |
| 035 ## - SYSTEM CONTROL NUMBER | |
| System control number | (Sirsi) u47728 |
| 041 ## - LANGUAGE CODE | |
| Language code of text/sound track or separate title | eng |
| 100 ## - MAIN ENTRY--PERSONAL NAME | |
| Personal name | Tong, D. |
| 245 ## - TITLE STATEMENT | |
| Title | EC directive on VDUs: safety in the office |
| 260 ## - PUBLICATION, DISTRIBUTION, ETC. | |
| Date of publication, distribution, etc. | 1991 |
| 350 ## - PRICE (NR) (BK AM CF MU VM SE) [OBSOLETE] | |
| Price | 0 |
| 490 ## - SERIES STATEMENT | |
| Series statement | Architects` Journal |
| Volume/sequential designation | 193(19) 8 May 1991, 61-63(3) |
| 520 ## - SUMMARY, ETC. | |
| Summary, etc. | After the rapid development of information technology throughout the 1980s, controls are being introduced by the European Commission to regulate the use of visual display units and other screens . The contents of directive 90/270/EEC do not generally exceed current consensus on best practice, and are summarised in this article. Initially, however, the risks to health arising from screens are outlined and the enforcement provisions, inspection and penalties are examined, with reference particularly to architects` offices. |
| 650 ## - SUBJECT ADDED ENTRY--TOPICAL TERM | |
| Topical term or geographic name entry element | HEALTH AND SAFETY |
| 9 (RLIN) | 6244 |
| 690 ## - LOCAL SUBJECT ADDED ENTRY--TOPICAL TERM (OCLC, RLIN) | |
| Topical term or geographic name as entry element | MANAGEMENT-BUSINESS MANAGEMENT-INFORMATION MANAGEMENT |
| 700 ## - ADDED ENTRY--PERSONAL NAME | |
| Personal name | Tyler, M. |
| 942 ## - ADDED ENTRY ELEMENTS (KOHA) | |
| Suppress in OPAC | 0 |
| 948 ## - LOCAL PROCESSING INFORMATION (OCLC); SERIES PART DESIGNATOR (RLIN) | |
| c (OCLC) | 04/03/1997 |
| Withdrawn status | Lost status | Source of classification or shelving scheme | Damaged status | Not for loan | Home library | Current library | Shelving location | Date acquired | Total Checkouts | Full call number | Barcode | Date last seen | Copy number | Price effective from | Koha item type |
|---|---|---|---|---|---|---|---|---|---|---|---|---|---|---|---|
| Dewey Decimal Classification | London | London | Journal article | 14/09/1999 | ABS44540 | 47728-1001 | 06/08/2019 | 1 | 06/08/2019 | Journal article |